Normal view
MARC view
- Business-research-data processing
Entry Topical Term
001 - CONTROL NUMBER
- control field: 3620
003 - CONTROL NUMBER IDENTIFIER
- control field: JO-AjAnu
005 - DATE AND TIME OF LATEST TRANSACTION
- control field: 20230606070909.0
008 - FIXED-LENGTH DATA ELEMENTS
- fixed length control field: 230606|| aca||aabn | a|a d
040 ## - CATALOGING SOURCE
- Original cataloging agency: JO-AjAnu
- Transcribing agency: JO-AjAnu
150 ## - HEADING--TOPICAL TERM
- Topical term or geographic name entry element: Business-research-data processing
670 ## - SOURCE DATA FOUND
- Source citation: Work cat.: (JO-AjAnu)1888: Saunders,mark/philip Lewis/Adrian Thornhill, author 3619, RESEARCH METHODS FOR BUSINESS STUDENTS